[Event "Tenerife-chT Preferente 1819"]
[Site "Tenerife"]
[Date "2019.02.23"]
[Round "9.4"]
[White "Rodriguez Falcon, Jesus Manuel"]
[Black "Ferrera Gonzalez, Carlos"]
[Result "0-1"]
[WhiteElo "1944"]
[BlackElo "1825"]
[PlyCount "68"]
[EventDate "2018.11.24"]
[EventType "team-tourn"]
[EventRounds "14"]
[EventCountry "ESP"]
[SourceTitle "CBM 189 Extra"]
[Source "ChessBase"]
[SourceDate "2019.05.31"]
[SourceVersion "1"]
[SourceVersionDate "2019.05.31"]
[SourceQuality "1"]
[WhiteTeam "El Sauzal Libreria Barco"]
[BlackTeam "Laguna Cotelec"]
[WhiteTeamCountry "ESP"]
[BlackTeamCountry "ESP"]

1. e4 e6 2. d4 d5 3. Nd2 Nf6 4. e5 Nfd7 5. f4 c5 6. c3 b6 7. Bd3 Ba6 8. Qe2 Bxd3 9. Qxd3 Nc6 10. Ngf3 Qc7 11. 0-0 g6 12. a3 Rc8 13. g4 h5 14. h3 hxg4 15. hxg4 cxd4 16. cxd4 Ne7 17. Rf2 Nb8 18. Nf1 Qc4 19. Qd1 Nbc6 20. Ne3 Qa6 21. Bd2 Qd3 22. Rc1 b5 23. Qf1 Qe4 24. Qxb5 Qxf4 25. Nxd5 Qxg4+ 26. Rg2 Qxf3 27. Nf6+ Kd8 28. Ba5+ Rc7 29. Rxc6 Nxc6 30. d5 Qe3+ 31. Rf2 Qg5+ 32. Rg2 Qc1+ 33. Kf2 Bc5+ 34. Kg3 Qe3+ 0-1

[Event "Tenerife-chT Segunda-A 1819"]
[Site "Tenerife"]
[Date "2019.01.12"]
[Round "4.1"]
[White "Sosa Rodriguez, Daniel"]
[Black "Ferrera Gonzalez, Carlos"]
[Result "0-1"]
[WhiteElo "1503"]
[BlackElo "1825"]
[PlyCount "72"]
[EventDate "2018.11.24"]
[EventType "team-tourn"]
[EventRounds "14"]
[EventCountry "ESP"]
[SourceTitle "CBM 189 Extra"]
[Source "ChessBase"]
[SourceDate "2019.05.31"]
[SourceVersion "1"]
[SourceVersionDate "2019.05.31"]
[SourceQuality "1"]
[WhiteTeam "Puerto de la Cruz Piratas"]
[BlackTeam "Laguna Cotolec"]
[WhiteTeamCountry "ESP"]
[BlackTeamCountry "ESP"]

1. e4 d5 2. exd5 Qxd5 3. Nc3 Qa5 4. Bc4 Nf6 5. d4 c6 6. Nf3 Bf5 7. Bf4 e6 8. a3 Be7 9. 0-0 0-0 10. b4 Qd8 11. Nh4 Bg6 12. Nxg6 hxg6 13. Re1 Nd5 14. Nxd5 cxd5 15. Bd3 Nd7 16. Qg4 Nf6 17. Qh3 Bd6 18. Bg5 Qc7 19. Bxf6 gxf6 20. g4 Kg7 21. g5 fxg5 22. Qg2 Bf4 23. h4 Rh8 24. hxg5 Rh5 25. Kf1 Rxg5 26. Qf3 Bd2 27. Red1 Bc3 28. Rac1 Rh8 29. Qe3 Rg4 30. Rb1 Bxd4 31. Qf3 Rf4 32. Qg3 Rxf2+ 33. Qxf2 Bxf2 34. Kxf2 Qf4+ 35. Kg1 Qg3+ 36. Kf1 Rh2 0-1

[Event "Santa Cruz de Tenerife op 29th"]
[Site "Santa Cruz de Tenerife"]
[Date "2018.12.21"]
[Round "7"]
[White "Ferrera Gonzalez, Carlos"]
[Black "Martinez Rojas, Carlos Jose"]
[Result "0-1"]
[WhiteElo "1864"]
[BlackElo "2063"]
[PlyCount "64"]
[EventDate "2018.12.13"]
[EventType "swiss"]
[EventRounds "9"]
[EventCountry "ESP"]
[SourceTitle "CBM 188 Extra"]
[Source "ChessBase"]
[SourceDate "2019.02.28"]
[SourceVersion "1"]
[SourceVersionDate "2019.02.28"]
[SourceQuality "1"]

1. e4 c5 2. Nf3 Nc6 3. d4 cxd4 4. Nxd4 e5 5. Nb5 a6 6. Nd6+ Bxd6 7. Qxd6 Qf6 8. Qxf6 Nxf6 9. Nc3 d5 10. Bd3 d4 11. Ne2 0-0 12. 0-0 Re8 13. Bd2 b6 14. Rfe1 Nd7 15. a4 Nc5 16. b4 Nxd3 17. cxd3 Bd7 18. Rec1 Rec8 19. h3 Nd8 20. Kf1 Nb7 21. Ke1 f6 22. Kd1 a5 23. Rxc8+ Rxc8 24. b5 Nc5 25. Nc1 Be6 26. Ra3 g5 27. Ke2 Kf7 28. f3 h5 29. g4 Rh8 30. Ke1 hxg4 31. hxg4 Rh2 32. Ra1 Nxd3+ 0-1

[Event "Santa Cruz de Tenerife op 29th"]
[Site "Santa Cruz de Tenerife"]
[Date "2018.12.19"]
[Round "5"]
[White "Ferrera Gonzalez, Carlos"]
[Black "Mendoza Contreras, Lucas Eduardo"]
[Result "1-0"]
[WhiteElo "1864"]
[BlackElo "2097"]
[PlyCount "109"]
[EventDate "2018.12.13"]
[EventType "swiss"]
[EventRounds "9"]
[EventCountry "ESP"]
[SourceTitle "CBM 188 Extra"]
[Source "ChessBase"]
[SourceDate "2019.02.28"]
[SourceVersion "1"]
[SourceVersionDate "2019.02.28"]
[SourceQuality "1"]

1. e4 e5 2. Nf3 Nc6 3. Bb5 a6 4. Ba4 Nf6 5. d3 b5 6. Bb3 Be7 7. 0-0 0-0 8. h3 d6 9. c3 Bb7 10. Re1 h6 11. Nbd2 Re8 12. Nf1 Bf8 13. Ng3 d5 14. Qe2 dxe4 15. dxe4 Na5 16. Bc2 g6 17. Nh2 Qe7 18. Ng4 Nxg4 19. Qxg4 Kh8 20. Kh1 Nc4 21. a4 Rad8 22. Qe2 c6 23. b3 Nd6 24. Ba3 Qe6 25. Bc5 Rd7 26. Qe3 Kh7 27. Rf1 Nc8 28. Bxf8 Rxf8 29. f4 exf4 30. Rxf4 Ne7 31. Raf1 Ng8 32. Qf2 f6 33. h4 h5 34. Qc5 Qe7 35. Qf2 Kg7 36. Qe2 Qe5 37. R1f3 Rfd8 38. Nf1 Rd6 39. g4 hxg4 40. Rxg4 Bc8 41. Rgg3 Nh6 42. Qg2 Qh5 43. Rf4 g5 44. e5 Ng4 45. Rfxg4 Bxg4 46. Rxg4 Rd1 47. exf6+ Kf7 48. Bxd1 Rxd1 49. Kg1 gxh4 50. Qf3 Qd5 51. Rg7+ Kf8 52. Qe3 Qd6 53. Rg4 Rxf1+ 54. Kxf1 Qd1+ 55. Kf2 1-0

[Event "Santa Cruz de Tenerife op 29th"]
[Site "Santa Cruz de Tenerife"]
[Date "2018.12.18"]
[Round "4"]
[White "Perez Fresnedo, Sadiel Barbaro"]
[Black "Ferrera Gonzalez, Carlos"]
[Result "1/2-1/2"]
[WhiteElo "1980"]
[BlackElo "1864"]
[PlyCount "92"]
[EventDate "2018.12.13"]
[EventType "swiss"]
[EventRounds "9"]
[EventCountry "ESP"]
[SourceTitle "CBM 188 Extra"]
[Source "ChessBase"]
[SourceDate "2019.02.28"]
[SourceVersion "1"]
[SourceVersionDate "2019.02.28"]
[SourceQuality "1"]

1. d4 e6 2. Nf3 Nf6 3. c4 Bb4+ 4. Bd2 Qe7 5. a3 Bxd2+ 6. Nbxd2 d6 7. Qc2 Nbd7 8. e4 e5 9. d5 a5 10. b3 Nc5 11. Be2 0-0 12. 0-0 Bg4 13. b4 Ncd7 14. Rfb1 Ra7 15. Nb3 Bxf3 16. Bxf3 b6 17. Qc3 axb4 18. axb4 Raa8 19. Nc1 Rfb8 20. Rxa8 Rxa8 21. Ra1 Qd8 22. Qb2 Qc8 23. Rxa8 Qxa8 24. Qa2 Qxa2 25. Nxa2 Kf8 26. Nc3 Nb8 27. Kf1 Ke7 28. Ke1 g6 29. Kd2 Ne8 30. Bg4 Nf6 31. Bf3 Kd8 32. Kc2 Ne8 33. Bg4 Ng7 34. f3 Ne8 35. Kb3 Nf6 36. Bh3 Nh5 37. g3 Ng7 38. Ka4 f5 39. Kb5 Kc8 40. Na4 Kb7 41. c5 bxc5 42. bxc5 h6 43. Nb2 dxc5 44. Nc4 c6+ 45. Kxc5 cxd5 46. Kxd5 Nc6 1/2-1/2

[Event "Santa Cruz de Tenerife op 29th"]
[Site "Santa Cruz de Tenerife"]
[Date "2018.12.14"]
[Round "2"]
[White "Lopez Pereyra, Antonio"]
[Black "Ferrera Gonzalez, Carlos"]
[Result "1-0"]
[WhiteElo "2041"]
[BlackElo "1864"]
[PlyCount "67"]
[EventDate "2018.12.13"]
[EventType "swiss"]
[EventRounds "9"]
[EventCountry "ESP"]
[SourceTitle "CBM 188 Extra"]
[Source "ChessBase"]
[SourceDate "2019.02.28"]
[SourceVersion "1"]
[SourceVersionDate "2019.02.28"]
[SourceQuality "1"]

1. e4 e6 2. d4 d5 3. Nc3 Bb4 4. e5 b6 5. a3 Bf8 6. Bb5+ c6 7. Ba4 Ne7 8. Nf3 Ba6 9. Ne2 Nd7 10. 0-0 Qc7 11. Re1 Bxe2 12. Qxe2 Nf5 13. c3 Be7 14. Bc2 g6 15. g4 Nh4 16. Nxh4 Bxh4 17. g5 h6 18. gxh6 Be7 19. b4 0-0-0 20. a4 Bf8 21. b5 Bxh6 22. a5 Bxc1 23. Rexc1 Kb8 24. c4 c5 25. axb6 Nxb6 26. dxc5 Qxc5 27. cxd5 Qe7 28. d6 Qg5+ 29. Kf1 Rxh2 30. Be4 Rdh8 31. Qc2 Rc8 32. Qb2 Rhh8 33. Rc6 Qh4 34. Rxb6+ 1-0

[Event "Tenerife-chT Segunda-A 1819"]
[Site "Tenerife"]
[Date "2018.12.01"]
[Round "2.1"]
[White "Galvan Noda, Jonas"]
[Black "Ferrera Gonzalez, Carlos"]
[Result "0-1"]
[WhiteElo "1548"]
[BlackElo "1825"]
[PlyCount "30"]
[EventDate "2018.11.24"]
[EventType "team-tourn"]
[EventRounds "14"]
[EventCountry "ESP"]
[SourceTitle "CBM 189 Extra"]
[Source "ChessBase"]
[SourceDate "2019.05.31"]
[SourceVersion "1"]
[SourceVersionDate "2019.05.31"]
[SourceQuality "1"]
[WhiteTeam "El Sauzal Libreria Barco"]
[BlackTeam "Laguna Cotolec"]
[WhiteTeamCountry "ESP"]
[BlackTeamCountry "ESP"]

1. e4 e6 2. d4 d5 3. exd5 exd5 4. Nf3 Bd6 5. c4 Nf6 6. Nc3 dxc4 7. Bxc4 a6 8. Bb3 0-0 9. 0-0 Bg4 10. Be3 Nbd7 11. h3 Bh5 12. Rc1 c6 13. d5 Qa5 14. dxc6 Bxf3 15. gxf3 Qf5 0-1

[Event "Tenerife-chT Primera 1516"]
[Site "Tenerife"]
[Date "2016.04.16"]
[Round "13.1"]
[White "Fernandez Manrique, Agustin"]
[Black "Ferrera Gonzalez, Carlos"]
[Result "1-0"]
[WhiteElo "2149"]
[BlackElo "1747"]
[PlyCount "73"]
[EventDate "2015.12.12"]
[EventType "team-tourn"]
[EventRounds "14"]
[EventCountry "ESP"]
[SourceTitle "EXT 2019"]
[Source "ChessBase"]
[SourceDate "2018.10.10"]
[SourceVersion "1"]
[SourceVersionDate "2018.10.10"]
[SourceQuality "1"]
[WhiteTeam "Los Realejos Shah Mat"]
[BlackTeam "Laguna Cotelec II"]
[WhiteTeamCountry "ESP"]
[BlackTeamCountry "ESP"]

1. c4 Nf6 2. Nc3 c5 3. g3 Nc6 4. Bg2 e6 5. Nf3 Be7 6. 0-0 d5 7. cxd5 exd5 8. d4 0-0 9. Be3 b6 10. Ne5 Bb7 11. Nxc6 Bxc6 12. dxc5 bxc5 13. Bg5 Qd6 14. Bxf6 Bxf6 15. Bxd5 Bxd5 16. Qxd5 Qxd5 17. Nxd5 Bxb2 18. Rab1 Rab8 19. Ne7+ Kh8 20. Nc6 Rb6 21. Nxa7 c4 22. Rfc1 Bxc1 23. Rxb6 g6 24. Rc6 Ra8 25. Nb5 Rxa2 26. Rxc4 Bb2 27. Rc2 Ra1+ 28. Kg2 Rb1 29. Nd6 Kg7 30. Rc7 Be5 31. Rxf7+ Kg8 32. Rd7 Bxd6 33. Rxd6 Rb7 34. h4 Kf7 35. g4 Ke7 36. Ra6 Kf7 37. Kg3 1-0

[Event "Tenerife-chT Primera 1516"]
[Site "Tenerife"]
[Date "2015.12.19"]
[Round "2.1"]
[White "Ferrera Gonzalez, Carlos"]
[Black "Martin Ortega, Oscar"]
[Result "1-0"]
[WhiteElo "1747"]
[BlackElo "1919"]
[PlyCount "113"]
[EventDate "2015.12.12"]
[EventType "team-tourn"]
[EventRounds "14"]
[EventCountry "ESP"]
[SourceTitle "CBM 170 Extra"]
[Source "ChessBase"]
[SourceDate "2016.02.25"]
[SourceVersion "1"]
[SourceVersionDate "2016.02.25"]
[SourceQuality "1"]
[WhiteTeam "Laguna Cotelec II"]
[BlackTeam "La Victoria 94"]
[WhiteTeamCountry "ESP"]
[BlackTeamCountry "ESP"]

1. e4 c5 2. Nf3 e6 3. d4 cxd4 4. Nxd4 a6 5. c4 Nf6 6. Nc3 d6 7. Be2 g6 8. 0-0 Bg7 9. Be3 0-0 10. Qd2 Qc7 11. Rad1 Rd8 12. Bh6 Bh8 13. Nb3 Nc6 14. Bf4 e5 15. Bg5 Be6 16. Nd5 Bxd5 17. cxd5 Ne7 18. Rc1 Qd7 19. Qe3 Rdc8 20. f4 Ne8 21. Rxc8 Nxc8 22. f5 f6 23. Bh4 Ne7 24. fxg6 hxg6 25. Qg3 Qa4 26. Qg4 f5 27. exf5 Qxg4 28. Bxg4 Nxf5 29. Bxf5 gxf5 30. Rxf5 Rc8 31. Be7 Bg7 32. Rf2 Bh6 33. Kf1 Rc7 34. Bd8 Rc8 35. Ba5 Kg7 36. Bd2 Bxd2 37. Rxd2 Nf6 38. Ke2 Ne4 39. Rd3 Rc2+ 40. Kf3 Nf6 41. Rd2 Rxd2 42. Nxd2 Nxd5 43. Ne4 Nb4 44. Nxd6 b5 45. Ke4 Kf6 46. Ne8+ Ke7 47. a3 Nc6 48. Nc7 b4 49. Nxa6 bxa3 50. bxa3 Kd6 51. Nb4 Na5 52. Nd3 Nc4 53. a4 Nd2+ 54. Kf5 e4 55. Ne1 Kd5 56. h4 Nf1 57. Kf4 1-0

[Event "Tenerife-chT"]
[Site "Tenerife"]
[Date "2013.05.04"]
[Round "13.4"]
[White "Ferrera Gonzalez, Carlos"]
[Black "Medal Paves, Jose Maria"]
[Result "1-0"]
[WhiteElo "1653"]
[BlackElo "2095"]
[PlyCount "51"]
[EventDate "2013.01.19"]
[EventType "team-tourn"]
[EventRounds "14"]
[EventCountry "ESP"]
[SourceTitle "EXT 2014"]
[Source "ChessBase"]
[SourceDate "2013.11.20"]
[SourceVersion "1"]
[SourceVersionDate "2013.11.20"]
[SourceQuality "1"]
[WhiteTeam "Laguna Cotelec"]
[BlackTeam "Rey Ahogado"]
[WhiteTeamCountry "ESP"]
[BlackTeamCountry "ESP"]

1. e4 e5 2. Nf3 Nc6 3. Bb5 a6 4. Ba4 Nf6 5. d3 b5 6. Bb3 Be7 7. 0-0 d6 8. a4 Rb8 9. axb5 axb5 10. Nc3 0-0 11. Ne2 d5 12. Ng3 Bg4 13. exd5 Nd4 14. Ba2 Nxd5 15. Be3 Nxf3+ 16. gxf3 Bh3 17. Re1 c5 18. Qd2 Rb6 19. f4 exf4 20. Bxf4 Rg6 21. Kh1 Nxf4 22. Qxf4 Bf6 23. Qf3 Bxb2 24. Rab1 Bd4 25. Re4 Qg5 26. Qxf7+ 1-0

[Event "Canarias-ch U16 31st"]
[Site "Puerto de la Cruz"]
[Date "2013.04.27"]
[Round "6"]
[White "Ferrera Gonzalez, Carlos"]
[Black "Manchon Santana, Alberto"]
[Result "1-0"]
[WhiteElo "1694"]
[BlackElo "1537"]
[PlyCount "85"]
[EventDate "2013.04.26"]
[EventType "swiss"]
[EventRounds "7"]
[EventCountry "ESP"]
[SourceTitle "EXT 2015"]
[Source "ChessBase"]
[SourceDate "2014.11.20"]
[SourceVersion "1"]
[SourceVersionDate "2014.11.20"]
[SourceQuality "1"]

1. e4 e5 2. Nf3 Nc6 3. Bb5 Bc5 4. 0-0 Nge7 5. c3 a6 6. Ba4 0-0 7. d4 exd4 8. cxd4 Ba7 9. Nc3 d6 10. Bg5 f6 11. Bb3+ Kh8 12. Be3 f5 13. exf5 Nxf5 14. Ng5 Nxe3 15. fxe3 Ne5 16. Qh5 h6 17. Rxf8+ Qxf8 18. Kh1 Bg4 19. Qh4 Qd8 20. Nce4 d5 21. dxe5 Be6 22. Qh5 Bg8 23. Nf6 Bxe3 24. Nf3 gxf6 25. Re1 d4 26. e6 Qe7 27. Nh4 Bh7 28. Qf3 c6 29. Nf5 Bxf5 30. Qxf5 Rg8 31. Qf3 Rg5 32. a3 Re5 33. Qg3 Bf4 34. Qf2 Rxe1+ 35. Qxe1 d3 36. Qd1 d2 37. g3 Bg5 38. h4 Be3 39. Kg2 b5 40. Qf3 Qc5 41. Qxf6+ Kh7 42. Qf7+ Kh8 43. e7 1-0

[Event "Canarias-ch U16 31st"]
[Site "Puerto de la Cruz"]
[Date "2013.04.27"]
[Round "3"]
[White "Salazar de la Cruz, Jose Maria"]
[Black "Ferrera Gonzalez, Carlos"]
[Result "1-0"]
[WhiteElo "1780"]
[BlackElo "1694"]
[PlyCount "69"]
[EventDate "2013.04.26"]
[EventType "swiss"]
[EventRounds "7"]
[EventCountry "ESP"]
[SourceTitle "EXT 2015"]
[Source "ChessBase"]
[SourceDate "2014.11.20"]
[SourceVersion "1"]
[SourceVersionDate "2014.11.20"]
[SourceQuality "1"]

1. e4 e6 2. d4 d5 3. Nc3 Bb4 4. e5 b6 5. Qg4 Bf8 6. f4 Ne7 7. Bd3 Ba6 8. Be3 Bxd3 9. cxd3 Nf5 10. Bf2 c5 11. Nf3 Nc6 12. a3 a6 13. 0-0 Rc8 14. Rac1 Ncxd4 15. Nxd4 cxd4 16. Ne2 Ne3 17. Bxe3 dxe3 18. f5 Rxc1 19. Rxc1 Qd7 20. fxe6 fxe6 21. b4 a5 22. b5 Bxa3 23. Rc6 0-0 24. Nf4 Bc5 25. Kf1 Qf7 26. g3 Kh8 27. Ke2 h5 28. Qg5 Qf5 29. Qg6 a4 30. Rc7 Qxg6 31. Nxg6+ Kg8 32. Nxf8 Bxf8 33. Kxe3 a3 34. Ra7 Kh7 35. Kf4 1-0

[Event "Tenerife-ch U16"]
[Site "Santa Cruz de Tenerife"]
[Date "2013.02.13"]
[Round "5"]
[White "De Castro de Leon, Jorge"]
[Black "Ferrera Gonzalez, Carlos"]
[Result "0-1"]
[WhiteElo "1560"]
[BlackElo "1711"]
[PlyCount "80"]
[EventDate "2013.02.09"]
[EventType "swiss"]
[EventRounds "9"]
[EventCountry "ESP"]
[SourceTitle "EXT 2015"]
[Source "ChessBase"]
[SourceDate "2014.11.20"]
[SourceVersion "1"]
[SourceVersionDate "2014.11.20"]
[SourceQuality "1"]

1. d4 e6 2. c4 Nf6 3. Nc3 Bb4 4. Nf3 c5 5. e3 Ne4 6. Bd2 Nxd2 7. Qxd2 Qa5 8. Bd3 cxd4 9. exd4 Nc6 10. 0-0 Bxc3 11. Qxc3 Qxc3 12. bxc3 b6 13. Rfe1 Ba6 14. Rad1 Rc8 15. Ng5 Ke7 16. Ne4 f5 17. c5 Bxd3 18. Nd6 Ba6 19. Nxc8+ Rxc8 20. cxb6 axb6 21. Rb1 Bc4 22. a4 Ra8 23. Rxb6 Rxa4 24. h3 Ra3 25. Re3 Kd6 26. Rg3 Kc7 27. Rb1 g6 28. Re3 f4 29. Rf3 g5 30. Re1 Ra2 31. h4 Be2 32. Rh3 g4 33. Rh2 h5 34. Rc1 Kd6 35. Rb1 Kd5 36. g3 Bf3 37. gxf4 Kc4 38. Rg2 Bxg2 39. Kxg2 Kxc3 40. Rb5 Ra5 0-1

[Event "Tenerife op 23rd"]
[Site "Tenerife"]
[Date "2012.12.26"]
[Round "8"]
[White "Martin Hernandez, Jonas David"]
[Black "Ferrera Gonzalez, Carlos"]
[Result "0-1"]
[WhiteElo "1904"]
[BlackElo "1596"]
[PlyCount "92"]
[EventDate "2012.12.13"]
[EventType "swiss"]
[EventRounds "9"]
[EventCountry "ESP"]
[SourceTitle "CBM 152 Extra"]
[Source "ChessBase"]
[SourceDate "2013.02.25"]
[SourceVersion "1"]
[SourceVersionDate "2013.02.25"]
[SourceQuality "1"]

1. g3 Nf6 2. Bg2 d5 3. c4 e6 4. Nf3 Be7 5. 0-0 0-0 6. cxd5 exd5 7. Qb3 b6 8. Nc3 Bb7 9. d3 d4 10. Nb5 c5 11. Bf4 Ne8 12. a4 Bd5 13. Qd1 a6 14. Na3 Bd6 15. Bg5 f6 16. Bd2 Nc6 17. Nxd4 Bxg2 18. Qb3+ Rf7 19. Ne6 Qd7 20. Kxg2 Nc7 21. Nxc7 Bxc7 22. Be3 f5 23. Nc2 Na5 24. Qc3 Qd5+ 25. f3 f4 26. Bf2 Re8 27. Rae1 Re6 28. e4 fxe3 29. Rxe3 Rxe3 30. Bxe3 Be5 31. d4 cxd4 32. Bxd4 Rc7 33. Qd3 Nb3 34. Rd1 Nxd4 35. Nxd4 Rd7 36. Qe2 h6 37. Ne6 Qxd1 38. Qxe5 Qd6 39. Qf5 Rf7 40. Qg4 Qd2+ 41. Kh3 Qxb2 42. Qc4 Qf6 43. f4 Kh7 44. Nd4 Rd7 45. Qc2+ g6 46. Nf3 Qf5+ 0-1

[Event "Cotelec Laguna op"]
[Site "Cotelec"]
[Date "2012.11.16"]
[Round "5"]
[White "Ferrera Gonzalez, Carlos"]
[Black "Pena Aragon, Sergio"]
[Result "1-0"]
[WhiteElo "1596"]
[BlackElo "1369"]
[PlyCount "47"]
[EventDate "2012.10.19"]
[EventType "swiss"]
[EventRounds "7"]
[EventCountry "ESP"]
[SourceTitle "EXT 2014"]
[Source "ChessBase"]
[SourceDate "2013.11.20"]
[SourceVersion "1"]
[SourceVersionDate "2013.11.20"]
[SourceQuality "1"]

1. e4 c5 2. Nf3 e6 3. d4 cxd4 4. Nxd4 Nf6 5. Nc3 d6 6. Bg5 Be7 7. Qd2 b6 8. Bb5+ Bd7 9. Bxd7+ Qxd7 10. 0-0-0 Qc7 11. Ndb5 Qc5 12. Nxd6+ Bxd6 13. Bxf6 gxf6 14. Qxd6 Qxd6 15. Rxd6 Ke7 16. Rhd1 Rg8 17. g3 Na6 18. Rd7+ Ke8 19. Nb5 Rg7 20. Rxa7 Rxa7 21. Nxa7 Nc5 22. b4 Nxe4 23. Nc6 Nc3 24. Rd8# 1-0

[Event "Cotelec Laguna 3rd"]
[Site "Cotelec"]
[Date "2012.07.29"]
[Round "9"]
[White "Ferrera Gonzalez, Carlos"]
[Black "Henriquez Garcia, David"]
[Result "1-0"]
[WhiteElo "1590"]
[BlackElo "2004"]
[PlyCount "53"]
[EventDate "2012.07.20"]
[EventType "tourn"]
[EventRounds "9"]
[EventCountry "ESP"]
[SourceTitle "EXT 2014"]
[Source "ChessBase"]
[SourceDate "2013.11.20"]
[SourceVersion "1"]
[SourceVersionDate "2013.11.20"]
[SourceQuality "1"]

1. e4 c5 2. Nf3 d5 3. exd5 Qxd5 4. Nc3 Qd8 5. Bc4 Nf6 6. 0-0 g6 7. d3 Bg7 8. Be3 b6 9. Ng5 0-0 10. Qf3 h6 11. Qxa8 hxg5 12. Qxb8 Qd7 13. Bb5 Qg4 14. Qg3 Qh5 15. Qxg5 Qh7 16. Rfe1 Ng4 17. h3 Bf6 18. Qf4 Be5 19. Qa4 Rd8 20. Bf4 Rd4 21. Bc4 Bd7 22. Bxe5 Nxe5 23. Qxa7 Nc6 24. Qxb6 Rh4 25. Re4 Rxh3 26. gxh3 Qxh3 27. Bd5 1-0

[Event "Cotelec Laguna 3rd"]
[Site "Cotelec"]
[Date "2012.07.21"]
[Round "2"]
[White "Ferrera Gonzalez, Carlos"]
[Black "Villavicencio Sanchez, Pedro"]
[Result "0-1"]
[WhiteElo "1590"]
[BlackElo "1623"]
[PlyCount "112"]
[EventDate "2012.07.20"]
[EventType "tourn"]
[EventRounds "9"]
[EventCountry "ESP"]
[SourceTitle "EXT 2014"]
[Source "ChessBase"]
[SourceDate "2013.11.20"]
[SourceVersion "1"]
[SourceVersionDate "2013.11.20"]
[SourceQuality "1"]

1. e4 c5 2. Nf3 e6 3. c3 d5 4. e5 f6 5. d4 Nc6 6. Bd3 cxd4 7. cxd4 fxe5 8. Nxe5 Nxe5 9. dxe5 Bb4+ 10. Nc3 d4 11. Qa4+ Bd7 12. Qxb4 dxc3 13. bxc3 Qc7 14. 0-0 a5 15. Qd4 Ne7 16. Ba3 Bc6 17. Bd6 Qd7 18. Qh4 Nf5 19. Bxf5 exf5 20. Rad1 Qe6 21. f4 Kf7 22. Rfe1 Rhd8 23. g4 Qxa2 24. Qg3 Be4 25. gxf5 Bxf5 26. Qg5 Qe6 27. Kf2 Rd7 28. Rd4 a4 29. Ra1 b5 30. Qh5+ Bg6 31. Qf3 Rc8 32. Rb4 Rxd6 33. exd6 Qxd6 34. Rd1 Qc5+ 35. Kg2 Qxc3 36. Qxc3 Rxc3 37. Rxb5 Bc2 38. Rd7+ Ke6 39. Rxg7 a3 40. Ra7 Be4+ 41. Kf2 Bd5 42. Ra6+ Bc6 43. Rba5 Rc2+ 44. Ke3 Kd7 45. Rxa3 Rxh2 46. Rd3+ Kc7 47. Rc3 Rh6 48. Kd4 Kb7 49. Ra1 Re6 50. Rf1 h5 51. Rh3 Rh6 52. Rh4 Kc7 53. Ke5 Kd8 54. Ra1 Bf3 55. Ra7 Bg4 56. Rh1 Re6+ 0-1